Géographie militaire. (Record no. 158728)
[ view plain ]
| 000 -LEADER | |
|---|---|
| campo de control de longitud fija | 00949nam a2200205 i 4500 |
| 001 - NÚMERO DE CONTROL | |
| campo de control | 158728 |
| 003 - IDENTIFICADOR DE NÚMERO DE CONTROL | |
| campo de control | ES-MaACL |
| 005 - FECHA Y HORA DE LA ÚLTIMA TRANSACCIÓN | |
| campo de control | 20251011063144.0 |
| 008 - DATOS DE LONGITUD FIJA--INFORMACIÓN GENERAL | |
| campo de control de longitud fija | 010326s1884 fr |||| | fre d |
| 040 ## - FUENTE DE CATALOGACIÓN | |
| Centro catalogador/agencia de origen | CCPB | B |
| Lengua de catalogación | spa |
| Centro/agencia transcriptor | CCPB | B |
| 100 1# - ENTRADA PRINCIPAL--NOMBRE DE PERSONA | |
| Nombre de persona | Marga, Anatole, |
| Fechas asociadas al nombre | 1843-1906 |
| 9 (RLIN) | 129484 |
| 245 10 - MENCIÓN DEL TÍTULO | |
| Título | Géographie militaire. |
| Número de parte o sección de la obra | Deuxième partie, |
| Nombre de parte o sección de la obra | Principaux états de l'Europe / |
| Mención de responsabilidad, etc. | par A. Marga. |
| 250 ## - MENCION DE EDICION | |
| Mención de edición | 3ème éd. rev. et corr. |
| 260 ## - PUBLICACIÓN, DISTRIBUCIÓN, ETC. | |
| Lugar de publicación, distribución, etc. | Paris : |
| Nombre del editor, distribuidor, etc. | Beger-Levrault, |
| Fecha de publicación, distribución, etc. | 1884. |
| 300 ## - DESCRIPCIÓN FÍSICA | |
| Extensión | 4 v. (317, 347, VII, 303 p. VIII p., 148 h. de mapas) : |
| Otras características físicas | il. ; |
| Dimensiones | 24 y 30 cm. |
| 505 8# - NOTA DE CONTENIDO CON FORMATO | |
| Nota de contenido con formato | Contiene: T. I: Petits États du centre de l'Europe. Allemagne -- II. Autriche-Hongrie. Italie -- T. III. Péninsule des Balkans, Russie, Asie Russe, Angleterre -- Atlas |
| 651 #4 - PUNTO DE ACCESO ADICIONAL DE MATERIA--NOMBRE GEOGRÁFICO | |
| Nombre geográfico | Europa- |
| Subdivisión general | Geografía militar. |
| 9 (RLIN) | 160829 |
| 852 ## - LOCALIZACIÓN | |
| Ubicación | ES-MaACL |
| Número de control de estantería | C-2060-62 y C-2064 |
| Nota libre | -- Enc. hol. |
| Encuadernación | -- Edic.: Atlas (VIII p., 148 h. de mapa) |
| Estatus retirado | Estado de pérdida | Estado de daño | No para préstamo | Colección | Biblioteca de origen | Biblioteca actual | Ubicación en estantería | Fecha de adquisición | Total de préstamos | Signatura topográfica completa | Código de barras | Visto por última vez | Precio de reemplazo | Tipo de ítem Koha |
|---|---|---|---|---|---|---|---|---|---|---|---|---|---|---|
| Libros del s. XIX | Biblioteca del Ateneo de Madrid | Biblioteca del Ateneo de Madrid | Sala Palomar | 17/01/2008 | C-2060-62 y C-2064 | 1166137 | 23/02/2023 | 23/02/2023 | Libro impreso antiguo |
